"El Solitario" y su tiempo : (Record no. 39668)

MARC details
000 -LEADER
campo de control de longitud fija 01116nam a2200241 i 4500
001 - NÚMERO DE CONTROL
campo de control 39668
003 - IDENTIFICADOR DE NÚMERO DE CONTROL
campo de control ES-MaACL
005 - FECHA Y HORA DE LA ÚLTIMA TRANSACCIÓN
campo de control 20250916212401.0
007 - CAMPO FIJO DE DESCRIPCIÓN FÍSICA--INFORMACIÓN GENERAL
campo de control de longitud fija t|
008 - DATOS DE LONGITUD FIJA--INFORMACIÓN GENERAL
campo de control de longitud fija 030303m18831890sp ||||1| spa d
100 1# - ENTRADA PRINCIPAL--NOMBRE DE PERSONA
Nombre de persona Cánovas del Castillo, Antonio,
Fechas asociadas al nombre 1828-1897
9 (RLIN) 34600
245 14 - MENCIÓN DEL TÍTULO
Título "El Solitario" y su tiempo :
Resto del título biografía de D. Serafín Estébanez Calderón y crítica de sus obras /
Mención de responsabilidad, etc. por Don Antonio Cánovas del Castillo.
260 ## - PUBLICACIÓN, DISTRIBUCIÓN, ETC.
Lugar de publicación, distribución, etc. Madrid :
Nombre del editor, distribuidor, etc. [s.n.],
Fecha de publicación, distribución, etc. 1883 (
Fabricante Imp. de A. Pérez Dubrull)
300 ## - DESCRIPCIÓN FÍSICA
Extensión 2 v. ([1] h. de lám., 341 ; 410 p.) ;
Dimensiones 17 cm.
490 1# - MENCIÓN DE SERIE
Mención de serie Colección de escritos castellanos. Críticos ;
Designación de volumen o secuencia 8-9
530 ## - NOTA DISPONIBLE DE FORMULARIO FÍSICO ADICIONAL
Nota de formato físico adicional disponible Disponible en formato digital.
599 ## - NOTA A LAS ILUSTRACIONES
NOTA A LAS ILUSTRACIONES Lám.: grabado calc., retr. de Serafín Estébanez Calderón "B. Maura Gbó. 1882"
600 14 - PUNTO DE ACCESO ADICIONAL DE MATERIA--NOMBRE DE PERSONA
Nombre de persona Estébanez Calderón, Serafín,
Fechas asociadas al nombre 1799-1867
9 (RLIN) 48084
830 1# - PUNTO DE ACCESO ADICIONAL DE SERIE-TÍTULO UNIFORME
Título uniforme Colección de escritos castellanos
Designación de volumen o secuencia 8-9
9 (RLIN) 181373
852 ## - LOCALIZACIÓN
Ubicación ES-MaACL
Número de control de estantería F-12453-54
856 ## - LOCALIZACIÓN Y ACCESO ELECTRÓNICOS
Identificador Uniforme de Recursos <a href="http://www.bibliotecavirtualdeandalucia.es/catalogo/es/consulta/registro.do?id=8296">http://www.bibliotecavirtualdeandalucia.es/catalogo/es/consulta/registro.do?id=8296</a>
Nota pública Biblioteca Virtual de Andalucía
Holdings
Estatus retirado Estado de pérdida Estado de daño No para préstamo Colección Biblioteca de origen Biblioteca actual Ubicación en estantería Fecha de adquisición Fuente de adquisición Total de préstamos Signatura topográfica completa Código de barras Visto por última vez Precio de reemplazo Tipo de ítem Koha
        Colección digital Biblioteca del Ateneo de Madrid Biblioteca del Ateneo de Madrid Sala Pecera Planta 2 17/01/2008     F-12453-54 1041777 23/02/2023 23/02/2023 Libro impreso antiguo